000 00438nam a22001577a 4500
003 OSt
005 20140311130135.0
008 130214t xxu||||| |||| 00| 0 eng d
050 _aKPM2858 .R49 2009
_bR49 2009
082 _aKPM2858
245 _aThe new Income tax, law and accounting
_cVirgilio D. Reyes
260 _a[S.l. : s.n.],
_c 2009
300 _a1 v. (various pagings)
_bill
_c23 cm
942 _2lcc
_cBK
_kFil
999 _c35481
_d35481